000 00307nam a2200133 i 4500
001 bg
100 1 _aSENCZYK, D.
245 0 _aWybrane metody badania materiałów /
_cD. Senczyk.
260 _aPoznań,
_c1988.
040 _cBPK
041 _apol
942 _cKS
008 s pl f |000 0 pol
999 _c3890
_d3890
856 _uhttp://koha.tu.koszalin.pl/cgi-bin/koha/opac-detail.pl?biblionumber=3890
_yKatalog online BPK